000 00448nam a2200181Ia 4500
001 10645
005 20260306161847.0
008 260306t1971||||xx |||||||||||||| ||spa||
041 _aESP
082 _a940.55
_bC28 T. 1
100 _aCartier, Raymond,
_eAUT
245 0 _aHistoria mundial de la post-guerra :
_b1945-1853
260 _c1971
300 _a456 páginas :
_c30 cm.
650 _aGEN
654 _aCHU
942 _cLIB
_dJUS
_fJUS
_2ddc
_n
999 _c10645
_d10645